El largo siglo XX: dinero y poder en los orígenes de nuestra época

Saved in:
Bibliografiske detaljer
Hovedforfatter: Arrighi, Giovanni (Author)
Format: Bog
Sprog:spansk
Udgivet: Madrid Akal 1999
Serier:Cuestiones de Antagonismo, 3
Fag:
Tags: Tilføj Tag
Ingen Tags, Vær først til at tagge denne postø!

MARC

LEADER 00000nam a2200000 a 4500
001 UCO7672
003 CL-VaPUC
008 001117e19990000SP |||||||||||||||||spa|d
082 0 4 |a 332.041  |b ARR  |2 21 
100 0 |a Arrighi, Giovanni  |e author  |9 452317 
245 1 3 |a El largo siglo XX: dinero y poder en los orígenes de nuestra época 
300 |a 455 p 
942 |c BK 
945 |d 20001117 00:00:00  |a rbrito 
260 |a Madrid  |b Akal  |c 1999 
650 0 |a Capital   |9 263726 
650 0 |a Capitalismo  |9 255255 
650 0 |a Libre comercio  |9 323018 
650 7 |a INDUSTRIA  |2 CL-VaPUC  |9 315110 
650 7 |a CRISIS ECONOMICA  |2 CL-VaPUC  |9 452318 
583 |a last modification  |c 20001117 00:00:00  |k Rodrigo Vera 
490 0 |a Cuestiones de Antagonismo, 3 
999 |c 292557  |d 292555 
952 |0 0  |1 0  |4 0  |6 332_041000000000000_ARR_1999  |7 0  |8 A  |9 343485  |a BIBHIS  |b BIBHIS  |d 2019-11-20  |i 3645843  |l 5  |m 4  |o 332.041 ARR 1999  |p 3645843  |r 2025-01-20  |s 2024-06-26  |w 2019-11-20  |y BK  |k HIS 
952 |0 0  |1 0  |4 0  |6 332_041000000000000_ARR_1999  |7 0  |8 A  |9 343486  |a BIBHIS  |b BIBHIS  |d 2019-11-20  |i 3729990  |l 5  |o 332.041 ARR 1999  |p 3729990  |r 2025-04-02  |s 2025-03-25  |w 2019-11-20  |y BK  |k HIS